Catálogo
 En Linea

AB Urbe Condita; libro xxii : (Registro nro. 41869)

Detalles MARC
000 -CABECERA
campo de control de longitud fija 00775nam a2200205 a 4500
001 - NÚMERO DE CONTROL
campo de control 000042380
005 - FECHA Y HORA DE LA ÚLTIMA TRANSACCIÓN
campo de control 20201002040122.0
008 - DATOS DE LONGITUD FIJA--INFORMACIÓN GENERAL
campo de control de longitud fija 131127s1967 sp 000 0 spa d
040 ## - FUENTE DE LA CATALOGACIÓN
Centro catalogador/agencia de origen DO-SdBNP
Lengua de catalogación spa
Centro/agencia transcriptor BNPHU
082 ## - NÚMERO DE LA CLASIFICACIÓN DECIMAL DEWEY
Número de clasificación xxxx
Número de documento/Ítem xxxx
100 1# - ENTRADA PRINCIPAL--NOMBRE DE PERSONA
Nombre de persona Livio, Tito
9 (RLIN) 43449
245 10 - MENCIÓN DE TÍTULO
Título AB Urbe Condita; libro xxii :
Resto del título texto latino con dos traducciones, una literal y otra literaria y vocabulario de nombres históricos, geográficos y arqueológicos /
Mención de responsabilidad, etc. Sebastian Mariner Bigorra.
260 ## - PUBLICACIÓN, DISTRIBUCIÓN, ETC.
Lugar de publicación, distribución, etc. Madrid :
Nombre del editor, distribuidor, etc. Gredos,
Fecha de publicación, distribución, etc. [1967].
300 ## - DESCRIPCIÓN FÍSICA
Extensión 273 p. ;
Dimensiones 17 cm.
490 1# - MENCIÓN DE SERIE
Mención de serie Gredos bilingüe
490 1# - MENCIÓN DE SERIE
Mención de serie Clásicos gredos
-- textos escolares
700 12 - PUNTO DE ACCESO ADICIONAL--NOMBRE DE PERSONA
Nombre de persona Mariner Bigorra, Sebastian
9 (RLIN) 69470
830 #0 - PUNTO DE ACCESO ADICIONAL DE SERIE-TÍTULO UNIFORME
Título uniforme Clásicos gredos
Nombre de parte o sección de la obra textos escolares
9 (RLIN) 69471
830 #0 - PUNTO DE ACCESO ADICIONAL DE SERIE-TÍTULO UNIFORME
Título uniforme Gredos bilingüe
9 (RLIN) 69472
Existencias
Estado de retiro Estado de pérdida Restricciones de uso No para préstamo Código de colección Localización permanente Ubicación/localización actual Ubicación en estantería Fecha de adquisición Número de inventario Total de préstamos Signatura topográfica completa Código de barras Fecha visto por última vez Precio válido a partir de Tipo de ítem Koha
      Excluido de préstamo Monografías: Libros y Folletos General General En catalogación 27.11.2013 LF1   xxxx xxxx 42380-10 25.06.2020 25.06.2020 No se presta

Con tecnología Koha